Music Quiz

Random Music or Artist Quiz

20 Famous Canadian Musicians Quiz Stats

 Plays Quiz Updated Feb 18, 2015

Score 0/20 Timer 06:00
1 Play Today
Number Artist % Correct
Justin Bieber
96.3%
Celine Dion
86.5%
Drake
81.7%
Avril Lavigne
79.5%
Michael Bublé
71.9%
Nickelback
66.3%
Shania Twain
58.8%
Alanis Morissette
58.7%
Deadmau5
49.3%
Neil Young
49.1%
Number Artist % Correct
Rush
49.1%
Bryan Adams
45.7%
Joni Mitchell
44.6%
k.d. Lang
36.9%
Leonard Cohen
34.7%
Anne Murray
33%
Sarah McLachlan
28.2%
Nelly Furtado
27.8%
Tegan and Sara
25.7%
The Guess Who
20.1%

You're not logged in!

Compare scores with friends on all Sporcle quizzes.
OR
Log In

Sporcle TV

Today on Sporcle TV


Watch our educational content, quiz creation guides, and fun videos on Sporcle TV.

Show Comments

Extras

Top Quizzes Today


Score Distribution

Your Account Isn't Verified!

In order to create a playlist on Sporcle, you need to verify the email address you used during registration. Go to your Sporcle Settings to finish the process.

Report this User

Report this user for behavior that violates our Community Guidelines.

Details: